Essentials of Services Marketing. (Record no. 3292)

MARC details
005 - DATE AND TIME OF LATEST TRANSACTION
control field 20250606095459.0
020 ## - INTERNATIONAL STANDARD BOOK NUMBER
International Standard Book Number 10-1-292-425119-9
082 ## - DEWEY DECIMAL CLASSIFICATION NUMBER
Classification number 658.8 WIR
100 ## - MAIN ENTRY--PERSONAL NAME
Author name WIRTZ, J.
245 ## - TITLE STATEMENT
Title Essentials of Services Marketing.
250 ## - EDITION STATEMENT
Edition statement 4th Ed.
260 ## - PUBLICATION, DISTRIBUTION, ETC.
Place of publication, distribution, etc. London,
Name of publisher, distributor, etc. Pearson,
Date of publication, distribution, etc. 2023.
300 ## - PHYSICAL DESCRIPTION
Extent xxviii, 641p.; ill.; picture, table, figure
Other physical details Index.
Dimensions 27cm.
942 ## - ADDED ENTRY ELEMENTS (KOHA)
Source of classification or shelving scheme Dewey Decimal Classification
Koha item type Books
Holdings
Date last seen Total checkouts Full call number Barcode Cost, replacement price Price effective from Koha item type Lost status Source of classification or shelving scheme Damaged status Not for loan Withdrawn status Home library Current library Shelving location Date acquired Cost, normal purchase price
06/06/2025   658.8 WIR DOM000130 513198.00 06/06/2025 Books   Dewey Decimal Classification       CBE Dodoma CBE Dodoma Special Reserve Collection 03/12/2025 171066.00